书目信息 |
| 题名: |
万能量具的修理
|
|
| 作者: | ;郑州市计量管理所 编著 | |
| 分册: | ||
| 出版信息: | 北京 机械工业出版社 1976 |
|
| 页数: | 409页 | |
| 开本: | 19cm | |
| 丛书名: | ||
| 单 册: | ||
| 中图分类: | TH71 | |
| 科图分类: | ||
| 主题词: | 量具--维修 , 计量仪器 | |
| 电子资源: | ||
| ISBN: | ||
| 000 | 00644nam0 2200241 45 980 | |
| 001 | 0630605640 | |
| 005 | 20060728083345.51 | |
| 010 | @dCNY0.89 | |
| 091 | @a15033.4318 | |
| 100 | @a19980312d1976 m y0chiy0121 ea | |
| 101 | 0 | @achi |
| 102 | @aCN@b110000 | |
| 105 | @ay z 000yy | |
| 106 | @ar | |
| 200 | 10 | @a万能量具的修理@Awan neng liang ju de xiu li@f郑州市计量管理所编著 |
| 210 | @a北京@c机械工业出版社@d1976 | |
| 215 | @a409页@d19cm | |
| 606 | @a量具@x维修 | |
| 606 | 0 | @a计量仪器 |
| 690 | @aTH71@v3 | |
| 711 | 02 | @a郑州市计量管理所@4编著@Azheng zhou shi ji liang guan li suo |
| 801 | 0 | @c20060728 |
| 905 | @a10447@dTH71@e36 | |
| 万能量具的修理/郑州市计量管理所编著 .-北京:机械工业出版社,1976 |
| 409页;19cm |
| ISBN :CNY0.89 |
| ● |
| 相关链接 |
|
|
|
|
正题名:万能量具的修理
索取号:TH71/36
 
预约/预借
| 序号 | 登录号 | 条形码 | 馆藏地/架位号 | 状态 | 备注 |
| 1 | 0438914 | 204389143 | 密集书库/ [索取号:TH71/36] | 在馆 |